=LDR 00000nam 2200000 4500 =001 INLIS000000000054657 =005 20200218023859 =035 ##$$a 0010-0220000219 =007 ta =008 200218###########################0#ind## =020 ##$$a 979-602-7820-64-7 =082 ##$$a 297.71 =084 ##$$a 297.71 Mus e =245 1#$$a Ensiklopedia Jin,Sihir dan Perdukunan : $b Mengenal Dunia Jin, Sihir dan Perdukunan serta cara Mengatasi gangguannya /$c Musdar Mustamam Tambusai =300 ##$$a 584 halaman ; $c 21 Cm. =650 #4$$a Jin da Setan =700 #$$a Penyunting, Irin Hidayat =504 ##$$a Bibliografi : Halaman 565-580 =264 ##$$a Yogyakarta :$b Pro-U-Media,$c 2017 =336 ##$$a teks$2 rdacontent =337 ##$$a lain-lain$2 rdamedia =338 ##$$a lain-lain$2 rdacarrier =990 ##$$a 11131113 =990 ##$$a 11131113